header

Little house on the prairie (Record no. 264793)

MARC details
000 -LEADER
fixed length control field 00239nam a22000977a 4500
020 ## - INTERNATIONAL STANDARD BOOK NUMBER
ISBN 0064400026
100 ## - MAIN ENTRY--AUTHOR NAME
Personal name Laura Ingalls Wilder
245 ## - TITLE STATEMENT
Title Little house on the prairie
260 ## - PUBLICATION, DISTRIBUTION, ETC. (IMPRINT)
Place of publication New York
Name of publisher Harper & Brothers
Year of publication , 1935
942 ## - ADDED ENTRY ELEMENTS (KOHA)
Koha item type Long Loan Books
Holdings
Withdrawn status Lost status Collection code Home library Current library Shelving location Date acquired Accession Number Koha item type
    Fiction Rongo University Library Rongo University Library Children's Area 17/03/2025 CL20243819 Long Loan Books

© 2026 Rongo University
Contact us: librarian | system librarian | Rongo university